000 01066nac a22003257a 4500
001 BR8901349
003 BR-BrBNA
005 20240105120922.0
008 230509b bl.|||m| |||| 00| 0 por d
040 _aBR-BrBNA
_bpor
_cBiblioteca Nacional de Agricultura
072 _aE10; E70; E12
090 _aE10 BR8901349
110 1 _aCentral Regional de Informacoes Agropecuarias e Economicas, Ijui, RS (Brasil)
_91403
245 1 _aA crise e uma questao mais ampla. Economia: reducao salarial e desemprego. Sindicalismo: o conflito da fazenda Anoni. Industria e comercio: alternativas
260 3 _aIjui, RS (Brasil):
_c1983.
300 _a72 p.
490 _aBoletim CRIAEC (Brazil)
_vv. 2(18)
_x
650 _aPOLITICA ECONOMICA
650 _aAGRICULTURA
650 _aRECURSO ECONOMICO
650 _aPRECO
650 _aMERCADO
650 _aCONSUMO
650 _aESTRUTURA AGRARIA
650 _aPRODUCAO ANIMAL
650 _aPRODUCAO VEGETAL
650 _aSINDICATO
909 _a202312
_bLúcia Elande
_c55
_dLúcia Elande
942 _2AGRIS
_n0
_cMS
999 _c282182
_d282182